<?xml version="1.0" encoding="UTF-8"?>
<record
    xmlns:xsi="http://www.w3.org/2001/XMLSchema-instance"
    xsi:schemaLocation="http://www.loc.gov/MARC21/slim http://www.loc.gov/standards/marcxml/schema/MARC21slim.xsd"
    xmlns="http://www.loc.gov/MARC21/slim">

  <leader>00819nam a22001817a 4500</leader>
  <datafield tag="999" ind1=" " ind2=" ">
    <subfield code="c">8352</subfield>
    <subfield code="d">8353</subfield>
  </datafield>
  <controlfield tag="008">190930b           ||||| |||| 00| 0 eng d</controlfield>
  <datafield tag="020" ind1=" " ind2=" ">
    <subfield code="a">978032306580</subfield>
  </datafield>
  <datafield tag="082" ind1=" " ind2=" ">
    <subfield code="a">617.023 LEW</subfield>
  </datafield>
  <datafield tag="100" ind1=" " ind2=" ">
    <subfield code="a">Lews, Sharon L</subfield>
  </datafield>
  <datafield tag="245" ind1=" " ind2=" ">
    <subfield code="a">Medical-surgical nursing :</subfield>
    <subfield code="b"> assessment and management of clinical problems</subfield>
  </datafield>
  <datafield tag="250" ind1=" " ind2=" ">
    <subfield code="a">8th ed.</subfield>
  </datafield>
  <datafield tag="260" ind1=" " ind2=" ">
    <subfield code="a">St. Louis, Mo. : </subfield>
    <subfield code="b">Mosby,</subfield>
    <subfield code="c">2011.</subfield>
  </datafield>
  <datafield tag="300" ind1=" " ind2=" ">
    <subfield code="a">xxxi, I-84 p.</subfield>
    <subfield code="c">28 cm.</subfield>
  </datafield>
  <datafield tag="500" ind1=" " ind2=" ">
    <subfield code="a">Originally published: 2011.
Bibliography note: Includes bibliographical references and index.</subfield>
  </datafield>
  <datafield tag="650" ind1=" " ind2=" ">
    <subfield code="a"> Nursing; Surgical nursing; Nursing Care; Nursing Assessment; Perioperative Nursing; MEDICAL -- Surgery -- General; Nursing; Surgical nursing; Verpleging; Chirurgie (geneeskunde); Electronic books;</subfield>
  </datafield>
  <datafield tag="700" ind1=" " ind2=" ">
    <subfield code="a"> Shannon Ruff Dirksen, Margaret M. Heitkemper, Linda Bucher.</subfield>
  </datafield>
  <datafield tag="942" ind1=" " ind2=" ">
    <subfield code="2">ddc</subfield>
  </datafield>
  <datafield tag="952" ind1=" " ind2=" ">
    <subfield code="0">0</subfield>
    <subfield code="1">0</subfield>
    <subfield code="2">ddc</subfield>
    <subfield code="4">0</subfield>
    <subfield code="7">0</subfield>
    <subfield code="8">FAC RES</subfield>
    <subfield code="a">RTCLIB</subfield>
    <subfield code="b">RTCLIB</subfield>
    <subfield code="c">FAC RES</subfield>
    <subfield code="d">2019-09-30</subfield>
    <subfield code="h">14341</subfield>
    <subfield code="l">14</subfield>
    <subfield code="m">5</subfield>
    <subfield code="o">617.023 LEW</subfield>
    <subfield code="p">30014803</subfield>
    <subfield code="q">2026-09-01</subfield>
    <subfield code="r">2026-02-02 03:45:52</subfield>
    <subfield code="s">2026-02-02</subfield>
    <subfield code="w">2019-09-30</subfield>
    <subfield code="y">FAC RES</subfield>
  </datafield>
  <datafield tag="952" ind1=" " ind2=" ">
    <subfield code="0">0</subfield>
    <subfield code="1">0</subfield>
    <subfield code="2">ddc</subfield>
    <subfield code="4">0</subfield>
    <subfield code="7">0</subfield>
    <subfield code="8">MAIN</subfield>
    <subfield code="a">RTCLIB</subfield>
    <subfield code="b">RTCLIB</subfield>
    <subfield code="c">MAIN</subfield>
    <subfield code="d">2019-09-30</subfield>
    <subfield code="h">14339</subfield>
    <subfield code="l">14</subfield>
    <subfield code="m">11</subfield>
    <subfield code="o">617.023 LEW</subfield>
    <subfield code="p">30014790</subfield>
    <subfield code="r">2024-05-28 00:00:00</subfield>
    <subfield code="s">2022-07-27</subfield>
    <subfield code="w">2019-09-30</subfield>
    <subfield code="y">MAIN</subfield>
  </datafield>
  <datafield tag="952" ind1=" " ind2=" ">
    <subfield code="0">0</subfield>
    <subfield code="1">0</subfield>
    <subfield code="2">ddc</subfield>
    <subfield code="4">0</subfield>
    <subfield code="7">0</subfield>
    <subfield code="8">MAIN</subfield>
    <subfield code="a">RTCLIB</subfield>
    <subfield code="b">RTCLIB</subfield>
    <subfield code="c">MAIN</subfield>
    <subfield code="d">2019-09-30</subfield>
    <subfield code="h">14340</subfield>
    <subfield code="l">17</subfield>
    <subfield code="m">20</subfield>
    <subfield code="o">617.023 LEW</subfield>
    <subfield code="p">30014798</subfield>
    <subfield code="q">2026-05-20</subfield>
    <subfield code="r">2026-05-05 12:22:02</subfield>
    <subfield code="s">2026-05-05</subfield>
    <subfield code="w">2019-09-30</subfield>
    <subfield code="y">MAIN</subfield>
  </datafield>
</record>
